000 00723nam a2200205Ia 4500
003 OSt
005 20250909153455.0
008 Pun
037 _cTB
040 _aARTS
_cARTS
_bPun
041 _2Pun
_aPun
084 _aO153,3M97:g N8
_qAL
100 _aਘੁਮੰਣ, ਬਿਕਰਮ ਸਿੰਘ
_9156274
245 0 _aਨਾਨਕ ਸਿੰਘ
_b ਜੀਵਨ ਤੇ ਰਚਨਾ
260 _aਅਮ੍ਰਿਤਸਰ
_b ਗੁਰੂ ਨਾਨਕ ਦੇਵ ਯੁਨਿਵਰਸਿਟੀ
_c1998
300 _a291ਪੰ
_ccm.
650 _aਪੰਜਾਬੀ ਸਾਹਿਤ
_9820774
942 _hO153,3M97:g N8
_cTB
_2CC
_n0
999 _c366038
_d366038